[Event "Spakenburg FishPartners op"]
[Site "Spakenburg"]
[Date "2022.07.02"]
[Round "5"]
[White "Bohm, Hans"]
[Black "Dekker, Theo"]
[Result "1-0"]
[WhiteElo "2261"]
[BlackElo "1881"]
[PlyCount "47"]
[EventDate "2022.07.02"]
[EventType "swiss"]
[EventRounds "7"]
[EventCountry "NED"]
[SourceTitle "EXT 2023"]
[Source "ChessBase"]
[SourceDate "2022.10.05"]
[SourceVersion "1"]
[SourceVersionDate "2022.10.05"]
[SourceQuality "1"]

1. d4 d5 2. Nf3 e6 3. Bg5 Be7 4. Bxe7 Qxe7 5. c3 c6 6. Nbd2 Nd7 7. e4 dxe4 8. Nxe4 Ngf6 9. Qc2 0-0 10. Nxf6+ Qxf6 11. Bd3 h6 12. Qe2 Re8 13. Ne5 Nf8 14. 0-0 c5 15. dxc5 Nd7 16. Ng4 Qg5 17. b4 h5 18. Ne3 e5 19. Nc4 Re6 20. Nd6 e4 21. Bc4 Ne5 22. Bxe6 Bxe6 23. Qxe4 Ng6 24. f4 1-0

[Event "NED-chT 1415"]
[Site "Netherlands"]
[Date "2015.03.21"]
[Round "7.10"]
[White "Bohm, Hans"]
[Black "Pijpers, Arthur"]
[Result "1/2-1/2"]
[WhiteElo "2311"]
[BlackElo "2371"]
[PlyCount "176"]
[EventDate "2014.09.27"]
[EventType "team-tourn"]
[EventRounds "9"]
[EventCountry "NED"]
[SourceTitle "EXT 2016"]
[Source "ChessBase"]
[SourceDate "2015.10.08"]
[SourceVersion "1"]
[SourceVersionDate "2015.10.08"]
[SourceQuality "1"]
[WhiteTeam "En Passant"]
[BlackTeam "Leiden LSG"]
[WhiteTeamCountry "NED"]
[BlackTeamCountry "NED"]

1. d4 Nf6 2. c4 c5 3. Nf3 cxd4 4. Nxd4 Nc6 5. Nc3 g6 6. g3 Bg7 7. Bg2 0-0 8. 0-0 Nxd4 9. Qxd4 d6 10. Qd2 Be6 11. Bxb7 Rb8 12. Bf3 Bxc4 13. b3 Ba6 14. Bb2 Qa5 15. Rfd1 Rfc8 16. Na4 Qxd2 17. Rxd2 Bb7 18. Bxb7 Rxb7 19. Bxf6 Bxf6 20. Rad1 Rbc7 21. Kf1 h5 22. h4 Kf8 23. Ke1 Ke8 24. Rd5 Rc2 25. R5d2 R2c6 26. Rd5 Rc2 27. R5d2 R2c6 28. Rd5 Kd7 29. e3 e6 30. R5d2 Ke7 31. Ke2 R8c7 32. Kf3 Bg7 33. Nb2 d5 34. Nd3 Rc3 35. Ke2 Kf6 36. Ne1 Bf8 37. Rd4 Bc5 38. Rf4+ Ke7 39. Rd3 Rc1 40. Rd1 Rxd1 41. Kxd1 Bb6 42. Nd3 f6 43. Rb4 e5 44. Rb5 Kd6 45. a4 Rc8 46. Kd2 g5 47. hxg5 fxg5 48. e4 dxe4 49. Nxe5 Ke6 50. Nc4 Rc5 51. Rb4 Bc7 52. Ke2 h4 53. gxh4 gxh4 54. Nd2 h3 55. Rxe4+ Kd5 56. Rh4 h2 57. Nf3 Rc2+ 58. Kf1 Rc3 59. Nxh2 Rxb3 60. Ng4 Bd8 61. Rh5+ Ke4 62. Ne3 Bb6 63. Nc4 Kf4 64. Nxb6 axb6 65. Kg2 Kg4 66. Rb5 Ra3 67. Rb4+ Kf5 68. f3 Ra1 69. Kf2 Ke5 70. f4+ Kf5 71. Ke3 Ra3+ 72. Kd4 Kxf4 73. Kd5+ Kf5 74. Kc6 Ke6 75. Kxb6 Kd7 76. Kb7 Kd6 77. Kb6 Kd7 78. Rc4 Rb3+ 79. Ka6 Rb1 80. a5 Rb2 81. Ka7 Rb1 82. a6 Rb2 83. Rh4 Kc7 84. Rh7+ Kc8 85. Rb7 Rc2 86. Rb5 Rc7+ 87. Kb6 Kb8 88. Rd5 Rc8 1/2-1/2

[Event "NED-chT 1415"]
[Site "Netherlands"]
[Date "2014.09.27"]
[Round "1.10"]
[White "Van der Marel, Bert"]
[Black "Bohm, Hans"]
[Result "0-1"]
[WhiteElo "2162"]
[BlackElo "2311"]
[PlyCount "60"]
[EventDate "2014.09.27"]
[EventType "team-tourn"]
[EventRounds "9"]
[EventCountry "NED"]
[SourceTitle "CBM 162 Extra"]
[Source "ChessBase"]
[SourceDate "2014.10.17"]
[SourceVersion "1"]
[SourceVersionDate "2014.10.17"]
[SourceQuality "1"]
[WhiteTeam "SISSA"]
[BlackTeam "En Passant"]
[WhiteTeamCountry "NED"]
[BlackTeamCountry "NED"]

1. d4 e6 2. g3 d5 3. Bg2 f5 4. Nh3 Nf6 5. 0-0 Bd6 6. Bf4 b6 7. Nd2 0-0 8. Bxd6 cxd6 9. c4 Nc6 10. e3 Ne7 11. Nf4 g5 12. Nd3 Bb7 13. c5 Ba6 14. Nb3 Rc8 15. cxd6 Qxd6 16. Re1 Rc7 17. Ne5 g4 18. f3 gxf3 19. Bxf3 Ng6 20. Nd3 Rfc8 21. Be2 Ne4 22. Nf2 Bxe2 23. Rxe2 Nxg3 24. hxg3 Qxg3+ 25. Kf1 Rg7 26. Rc2 Rf8 27. Nc1 Nh4 28. Ncd3 Ng2 29. Re2 Nf4 30. exf4 Qg1# 0-1

[Event "NED-chT 1314"]
[Site "Netherlands"]
[Date "2014.03.29"]
[Round "7.10"]
[White "Bohm, Hans"]
[Black "Postma, Dinant"]
[Result "1/2-1/2"]
[WhiteElo "2308"]
[BlackElo "2129"]
[PlyCount "88"]
[EventDate "2013.09.21"]
[EventType "team-tourn"]
[EventRounds "9"]
[EventCountry "NED"]
[SourceTitle "EXT 2015"]
[Source "ChessBase"]
[SourceDate "2014.11.20"]
[SourceVersion "1"]
[SourceVersionDate "2014.11.20"]
[SourceQuality "1"]
[WhiteTeam "En Passant"]
[BlackTeam "ESG Max Euwe"]
[WhiteTeamCountry "NED"]
[BlackTeamCountry "NED"]

1. d4 d5 2. Nf3 Nf6 3. Bg5 e6 4. e3 Be7 5. Nbd2 0-0 6. Bd3 Nbd7 7. c3 c5 8. 0-0 c4 9. Bc2 b5 10. Re1 Bb7 11. Qb1 h6 12. Bh4 Re8 13. h3 a5 14. Bg3 Qb6 15. e4 dxe4 16. Nxe4 Nxe4 17. Bxe4 Nf6 18. Bxb7 Qxb7 19. Ne5 Rac8 20. f4 Bd6 21. f5 Qd5 22. Bh4 Nh7 23. a3 exf5 24. Qxf5 f6 25. Qf3 Qxf3 26. Nxf3 g5 27. Bf2 f5 28. d5 Nf6 29. Nd4 Nxd5 30. Nxb5 Bf8 31. Red1 Nf4 32. Nd6 Bxd6 33. Rxd6 Re6 34. Rad1 Rce8 35. Rxe6 Rxe6 36. Rd8+ Kf7 37. Ra8 Re5 38. Rc8 Re2 39. Rxc4 Rxb2 40. Rc5 Kg6 41. Rxa5 Rb1+ 42. Kh2 Rb2 43. Kg1 Rb1+ 44. Kh2 Rb2 1/2-1/2

[Event "Rotterdam Triomfator op 1st"]
[Site "Rotterdam"]
[Date "2002.06.15"]
[Round "3"]
[White "Bohm, Hans"]
[Black "De Wit, Cor"]
[Result "1-0"]
[WhiteElo "2326"]
[BlackElo "2024"]
[PlyCount "69"]
[EventDate "2002.06.14"]
[EventType "swiss"]
[EventRounds "6"]
[EventCountry "NED"]
[SourceTitle "CBM 088 Extra"]
[Source "ChessBase"]
[SourceDate "2002.07.01"]
[SourceVersion "2"]
[SourceVersionDate "2002.07.01"]
[SourceQuality "1"]

1. d4 Nf6 2. c3 e6 3. Bg5 Be7 4. Nd2 d5 5. e3 Nbd7 6. f4 c5 7. Bd3 a6 8. Qe2 h6 9. Bxf6 Nxf6 10. Ngf3 c4 11. Bc2 b5 12. Ne5 Qc7 13. a3 Bb7 14. g4 Nd7 15. h4 Nxe5 16. fxe5 0-0-0 17. Nf3 f6 18. Kd2 fxe5 19. Nxe5 Bf6 20. Ng6 Rhe8 21. Rae1 e5 22. g5 hxg5 23. hxg5 Be7 24. Nxe5 Kb8 25. Nf7 Bxa3 26. Nxd8 Bxb2 27. Nxb7 Kxb7 28. Rb1 Bxc3+ 29. Kxc3 Qa5+ 30. Kb2 Qb4+ 31. Kc1 Qa3+ 32. Kd2 b4 33. Rhe1 b3 34. Bxb3 cxb3 35. Qd3 1-0

[Event "NED-chT 9900"]
[Site "Netherlands"]
[Date "2000.02.26"]
[Round "3"]
[White "Bohm, Hans"]
[Black "Erwich, Frank"]
[Result "0-1"]
[WhiteElo "2363"]
[BlackElo "2224"]
[PlyCount "77"]
[EventDate "2000.02.05"]
[EventType "team-tourn"]
[EventRounds "9"]
[EventCountry "NED"]
[SourceTitle "CBM 074 Extra"]
[Source "ChessBase"]
[SourceDate "2000.03.10"]
[SourceVersion "2"]
[SourceVersionDate "2000.03.10"]
[SourceQuality "1"]
[WhiteTeam "Rotterdam"]
[BlackTeam "Leiden LSG"]
[WhiteTeamCountry "NED"]
[BlackTeamCountry "NED"]

1. d4 Nf6 2. c3 e6 3. Bg5 b6 4. Nd2 Bb7 5. e3 c5 6. f4 Be7 7. Bxf6 gxf6 8. f5 Nc6 9. Qh5 Qc7 10. Ngf3 0-0-0 11. g3 cxd4 12. exd4 e5 13. Bg2 exd4 14. 0-0 dxc3 15. bxc3 Bc5+ 16. Kh1 Ne5 17. Nxe5 Bxg2+ 18. Kxg2 Qxe5 19. Qf3 Rhe8 20. Rfe1 Qc7 21. a4 Qc6 22. a5 Qxf3+ 23. Kxf3 Rxe1 24. Rxe1 bxa5 25. Ra1 d5 26. Nb3 Bb6 27. Nxa5 Re8 28. c4 Re3+ 29. Kg2 d4 30. Nc6 d3 31. Rd1 Bc5 32. Na5 Bb4 33. Nc6 Bc5 34. Na5 Kc7 35. Nb3 Kc6 36. h4 Bb4 37. Kf2 Re2+ 38. Kf3 Rc2 39. Nd4+ 0-1

[Event "NED-chT 9900"]
[Site "Netherlands"]
[Date "2000.02.06"]
[Round "2"]
[White "Bertholee, Rob"]
[Black "Bohm, Hans"]
[Result "1-0"]
[WhiteElo "2343"]
[BlackElo "2363"]
[PlyCount "79"]
[EventDate "2000.02.05"]
[EventType "team-tourn"]
[EventRounds "9"]
[EventCountry "NED"]
[SourceTitle "CBM 074 Extra"]
[Source "ChessBase"]
[SourceDate "2000.03.10"]
[SourceVersion "2"]
[SourceVersionDate "2000.03.10"]
[SourceQuality "1"]
[WhiteTeam "Amstelveen"]
[BlackTeam "Rotterdam"]
[WhiteTeamCountry "NED"]
[BlackTeamCountry "NED"]

1. e4 e6 2. Nf3 d5 3. Nc3 Nf6 4. e5 Nfd7 5. d4 a6 6. Bd3 c5 7. dxc5 Nc6 8. Bf4 Bxc5 9. 0-0 h6 10. h4 b5 11. Re1 Nb6 12. Ne2 Nc4 13. Qc1 f5 14. exf6 Qxf6 15. a4 b4 16. b3 N4e5 17. Nxe5 Nxe5 18. Bg3 0-0 19. Qf4 Nxd3 20. Qxf6 Rxf6 21. cxd3 Bd7 22. Rac1 Bb6 23. d4 a5 24. Bc7 Bxc7 25. Rxc7 Be8 26. g3 g5 27. hxg5 hxg5 28. f4 g4 29. Rec1 Bg6 30. Re7 Bd3 31. Kf2 Rh6 32. Ke3 Bxe2 33. Kxe2 Rh2+ 34. Ke3 Rg2 35. f5 Rxg3+ 36. Kf4 Rc3 37. Rh1 Rf8 38. Rxe6 Rf3+ 39. Kxg4 R3xf5 40. Rg6+ 1-0

[Event "Hoogovens M-4K"]
[Site "Wijk aan Zee"]
[Date "1999.??.??"]
[Round "3"]
[White "Bosboom, Manuel"]
[Black "Bohm, Hans"]
[Result "1-0"]
[WhiteElo "2444"]
[BlackElo "2380"]
[PlyCount "83"]
[EventDate "1999.01.??"]
[EventType "tourn"]
[EventRounds "3"]
[EventCountry "NED"]
[EventCategory "7"]
[SourceTitle "EXT 2000"]
[Source "ChessBase"]
[SourceDate "1999.11.16"]
[SourceVersion "1"]
[SourceVersionDate "1999.11.16"]
[SourceQuality "1"]

1. d4 e6 2. c4 f5 3. Nf3 Nf6 4. g3 Bb4+ 5. Bd2 Qe7 6. Bg2 d5 7. 0-0 c6 8. Qc2 0-0 9. Bf4 Bd6 10. e3 Bd7 11. c5 Bxf4 12. exf4 b6 13. Ne5 bxc5 14. dxc5 a5 15. Nd2 Na6 16. Rfc1 Rfb8 17. Bf1 Ne4 18. Bxa6 Rxa6 19. Ndf3 Rb5 20. Nd3 g5 21. Nd4 Rb7 22. Kh1 g4 23. Kg2 h5 24. Rh1 Be8 25. h3 Qf6 26. Ne5 Raa7 27. hxg4 fxg4 28. Rh4 Rb4 29. Rd1 a4 30. b3 axb3 31. axb3 Ra5 32. Qb2 Nxc5 33. Qc3 Rxd4 34. Rxd4 Rb5 35. b4 Ne4 36. Qa1 Qe7 37. Qa8 Nf6 38. Rh1 c5 39. bxc5 Qxc5 40. Nd7 Nxd7 41. Qxe8+ Nf8 42. Rxh5 1-0

[Event "CERA Bank op"]
[Site "Netherlands"]
[Date "1998.??.??"]
[Round "?"]
[White "Renette, Hans"]
[Black "Bohm, Hans"]
[Result "1/2-1/2"]
[WhiteElo "2130"]
[BlackElo "2390"]
[PlyCount "117"]
[EventDate "1998.??.??"]
[EventType "swiss"]
[EventRounds "9"]
[EventCountry "NED"]
[SourceTitle "EXT 1999"]
[Source "ChessBase"]
[SourceDate "1998.11.16"]
[SourceVersion "1"]
[SourceVersionDate "1998.11.16"]
[SourceQuality "1"]

1. d4 f5 2. Nf3 e6 3. g3 d5 4. Bg2 Nf6 5. 0-0 c6 6. c4 Be7 7. b3 0-0 8. Bb2 Bd7 9. Nbd2 Be8 10. Qc2 Ne4 11. Ne5 Nd7 12. Nxd7 Qxd7 13. f3 Nxd2 14. Qxd2 dxc4 15. bxc4 e5 16. d5 Bc5+ 17. Kh1 Qe7 18. e4 fxe4 19. fxe4 Bg6 20. Qe2 Qg5 21. Bc3 Rxf1+ 22. Rxf1 Rf8 23. Rxf8+ Kxf8 24. Bd2 Bh5 25. Bf3 Qxd2 26. Bxh5 Qxe2 27. Bxe2 Ke7 28. dxc6 bxc6 29. Bd1 Kd6 30. Kg2 Bb6 31. Kf3 Kc5 32. Ba4 Bd8 33. Ke2 Kb4 34. Bxc6 Ka3 35. c5 Kxa2 36. Bd5+ Ka3 37. Kd3 Kb4 38. c6 a5 39. Kc2 a4 40. Ba2 Bc7 41. Be6 Kc5 42. Kc3 Ba5+ 43. Kb2 Kxc6 44. Ka3 Kb5 45. Bd7+ Kc4 46. Kxa4 Be1 47. Bf5 g6 48. Be6+ Kd4 49. Bg8 h6 50. Bh7 Kxe4 51. Bxg6+ Kf3 52. Kb3 Kg2 53. Kc4 Kxh2 54. g4 Kg3 55. Bf5 Kf4 56. Bg6 Kxg4 57. Kd3 h5 58. Ke2 Bc3 59. Kf1 1/2-1/2

[Event "NED-chT"]
[Site "Netherlands"]
[Date "1997.??.??"]
[Round "?"]
[White "Bohm, Hans"]
[Black "Hommeles, Theo"]
[Result "1/2-1/2"]
[WhiteElo "2390"]
[BlackElo "2280"]
[PlyCount "101"]
[EventDate "1997.??.??"]
[EventType "team"]
[EventRounds "9"]
[EventCountry "NED"]
[SourceTitle "EXT 2007"]
[Source "ChessBase"]
[SourceDate "2006.11.23"]
[SourceVersion "1"]
[SourceVersionDate "2006.11.23"]
[SourceQuality "1"]

1. d4 d6 2. Bg5 g6 3. c3 Bg7 4. Nd2 Nc6 5. e3 Nf6 6. Bd3 e5 7. Ne2 h6 8. Bh4 g5 9. Bg3 Nh5 10. Qc2 Be6 11. 0-0-0 Qd7 12. f3 0-0-0 13. Bf2 f5 14. Rhe1 a6 15. a3 Rhf8 16. Bc4 Bxc4 17. Nxc4 d5 18. Nxe5 Nxe5 19. dxe5 Bxe5 20. c4 Qf7 21. cxd5 Rxd5 22. Rxd5 Qxd5 23. Rd1 Qb5 24. Nc3 Qc4 25. Nd5 Qxc2+ 26. Kxc2 Rf7 27. h3 Nf6 28. Be1 Nxd5 29. Rxd5 Re7 30. Bb4 Re6 31. g4 fxg4 32. hxg4 c6 33. Rd1 Rf6 34. Rf1 c5 35. Bd2 Rd6 36. b3 Kd7 37. a4 b5 38. f4 gxf4 39. exf4 Bg7 40. axb5 axb5 41. f5 Rd4 42. Be3 Rxg4 43. Bxc5 Bf6 44. b4 Ke8 45. Rh1 Rh4 46. Re1+ Kf7 47. Rd1 Rc4+ 48. Kd3 h5 49. Ke2 Bc3 50. Rd7+ Kf6 51. Rh7 1/2-1/2

[Event "NED-chT"]
[Site "Netherlands"]
[Date "1997.??.??"]
[Round "?"]
[White "Bohm, Hans"]
[Black "Kremer, Mark"]
[Result "1-0"]
[WhiteElo "2390"]
[BlackElo "2185"]
[PlyCount "57"]
[EventDate "1997.??.??"]
[EventType "team"]
[EventRounds "9"]
[EventCountry "NED"]
[SourceTitle "EXT 2007"]
[Source "ChessBase"]
[SourceDate "2006.11.23"]
[SourceVersion "1"]
[SourceVersionDate "2006.11.23"]
[SourceQuality "1"]

1. d4 Nf6 2. Bg5 e6 3. e3 Be7 4. Bd3 b6 5. Ne2 Bb7 6. 0-0 d6 7. Bxf6 Bxf6 8. Nd2 g6 9. f4 0-0 10. Be4 Nc6 11. c3 Bg7 12. Ng3 d5 13. Bd3 Ne7 14. Qe2 c5 15. Nh1 Nf5 16. g4 Nd6 17. g5 Nf5 18. Nf3 h5 19. gxh6 Bxh6 20. Ng3 Nd6 21. Rf2 Ne4 22. Rg2 Re8 23. Ne5 Re7 24. Qf3 Nxg3 25. Rxg3 Kf8 26. h4 Rc7 27. h5 g5 28. fxg5 Bxg5 29. Rf1 1-0

[Event "NED-chT"]
[Site "Netherlands"]
[Date "1997.??.??"]
[Round "8"]
[White "Timmerman, Gert Jan"]
[Black "Bohm, Hans"]
[Result "1-0"]
[WhiteElo "2310"]
[BlackElo "2390"]
[PlyCount "93"]
[EventDate "1997.??.??"]
[EventType "team"]
[EventRounds "9"]
[EventCountry "NED"]
[SourceTitle "EXT 2007"]
[Source "ChessBase"]
[SourceDate "2006.11.23"]
[SourceVersion "1"]
[SourceVersionDate "2006.11.23"]
[SourceQuality "1"]

1. e4 Nf6 2. e5 Nd5 3. d4 d6 4. c4 Nb6 5. f4 Bf5 6. Nc3 e6 7. Nf3 Be7 8. Be2 N8d7 9. 0-0 0-0 10. Be3 d5 11. c5 Nc4 12. Bc1 b6 13. b3 Na5 14. b4 Nc4 15. Bxc4 dxc4 16. Be3 a5 17. a3 c6 18. Rf2 b5 19. d5 cxd5 20. Nd4 Bd3 21. Ncxb5 Nb8 22. Nd6 Qd7 23. b5 Bxd6 24. cxd6 a4 25. Qd2 Rc8 26. Rc1 Qb7 27. Qb4 Nd7 28. Nc6 Kh8 29. Rb2 f6 30. Bd4 fxe5 31. fxe5 Rf8 32. Na5 Qc8 33. b6 Qa6 34. b7 Qxa5 35. bxa8Q Qxa8 36. Qb7 Qe8 37. h3 Qf7 38. Rf2 Bf5 39. Rcf1 Nxe5 40. Qxf7 Nxf7 41. g4 Nxd6 42. gxf5 Nxf5 43. Be5 Rc8 44. Rg2 Rg8 45. Rb1 d4 46. Rb4 h6 47. Rxc4 1-0

[Event "NED-chT 9697"]
[Site "Netherlands"]
[Date "1996.??.??"]
[Round "9"]
[White "Bohm, Hans"]
[Black "Riemersma, Liafbern"]
[Result "0-1"]
[WhiteElo "2390"]
[BlackElo "2390"]
[PlyCount "52"]
[EventDate "1996.??.??"]
[EventType "team"]
[EventRounds "11"]
[EventCountry "NED"]
[SourceTitle "EXT 2001"]
[Source "ChessBase"]
[SourceDate "2000.11.22"]
[SourceVersion "1"]
[SourceVersionDate "2000.11.22"]
[SourceQuality "1"]

1. d4 Nf6 2. c3 e6 3. Bg5 Be7 4. Nd2 0-0 5. e3 b6 6. Bxf6 Bxf6 7. f4 Bb7 8. Ngf3 d6 9. Bd3 e5 10. Qc2 g6 11. 0-0-0 exd4 12. exd4 c5 13. dxc5 bxc5 14. h4 d5 15. h5 c4 16. hxg6 cxd3 17. gxh7+ Kh8 18. Qxd3 d4 19. Nxd4 Bxd4 20. cxd4 Bd5 21. Rh5 Nc6 22. a3 Rb8 23. Kb1 Qb6 24. Qc3 Ne7 25. Re5 Rfc8 26. Qb4 Qc6 0-1

[Event "San Bernardino op"]
[Site "San Bernardino"]
[Date "1992.??.??"]
[Round "6"]
[White "Csom, Istvan"]
[Black "Bohm, Hans"]
[Result "0-1"]
[WhiteElo "2540"]
[BlackElo "2390"]
[PlyCount "126"]
[EventDate "1992.09.??"]
[EventType "swiss"]
[EventRounds "9"]
[EventCountry "SUI"]
[SourceTitle "TD"]
[Source "ChessBase"]
[SourceDate "1994.03.01"]
[SourceVersion "1"]
[SourceVersionDate "1994.03.01"]
[SourceQuality "1"]

1. c4 f5 2. g3 Nf6 3. Bg2 e5 4. Nc3 Nc6 5. e3 d6 6. d3 Be6 7. Nd5 Bf7 8. Qb3 Qc8 9. Nxf6+ gxf6 10. Ne2 Nd8 11. d4 c6 12. d5 c5 13. Nc3 Bh6 14. f4 Bh5 15. 0-0 0-0 16. e4 Nf7 17. exf5 Qxf5 18. Ne4 Bg7 19. h3 Qd7 20. f5 Nh6 21. g4 Nxg4 22. Ng3 Nh6 23. Bxh6 Bxh6 24. Nxh5 Kh8 25. Rae1 Qf7 26. Qf3 Rg8 27. h4 a6 28. Re4 b5 29. Rb1 Rgb8 30. Qe2 Ra7 31. Kh1 Rab7 32. cxb5 axb5 33. Qf3 Ra7 34. a3 Ra4 35. Ng3 Bf4 36. Ne2 Rxe4 37. Qxe4 Qh5 38. Kg1 Rg8 39. Kf1 c4 40. Re1 Qxh4 41. Qf3 Bg3 42. Rc1 Rg4 43. Rc3 Be1 44. Rc2 Ba5 45. Qf2 Qg5 46. Bf3 Rh4 47. Qg3 Qh6 48. Nc3 Bb6 49. Kg2 Rh1 50. Ne2 Rd1 51. Qh3 Qe3 52. Qh4 Kg7 53. Qg4+ Kf8 54. Ng3 Rg1+ 55. Kh3 Qe1 56. Re2 Qc1 57. Qh4 Ke7 58. Qxh7+ Kd8 59. Qh8+ Kc7 60. Rg2 Rh1+ 61. Nxh1 Qxh1+ 62. Rh2 Qxf3+ 63. Kh4 Bf2+ 0-1

[Event "Rotterdam k.o."]
[Site "Rotterdam"]
[Date "1990.??.??"]
[Round "1"]
[White "Bohm, Hans"]
[Black "Bronstein, David Ionovich"]
[Result "0-1"]
[WhiteElo "2390"]
[BlackElo "2445"]
[PlyCount "158"]
[EventDate "1990.??.??"]
[EventType "k.o."]
[EventRounds "5"]
[EventCountry "NED"]
[SourceTitle "EXT 1997"]
[Source "ChessBase"]
[SourceDate "1996.11.15"]
[SourceVersion "1"]
[SourceVersionDate "1996.11.15"]
[SourceQuality "1"]

1. d4 Nf6 2. c3 d5 3. Bg5 Qd6 4. Nf3 Nbd7 5. e3 g6 6. Nbd2 Bg7 7. Bd3 e5 8. dxe5 Nxe5 9. Nxe5 Qxe5 10. Nf3 Qd6 11. 0-0 0-0 12. Bf4 Qe7 13. h3 Ne4 14. Qc2 Nc5 15. Be2 Bf5 16. Qd1 c6 17. Nd4 Bd7 18. Rc1 b5 19. b4 Ne4 20. Bd3 a5 21. a3 axb4 22. axb4 Ra3 23. Bxe4 dxe4 24. Qc2 Rfa8 25. Rb1 h5 26. Rfd1 h4 27. Rb2 Qe8 28. Rbb1 Qe7 29. Rb2 g5 30. Bh2 g4 31. hxg4 Bxg4 32. Rc1 Bd7 33. Bf4 Kh8 34. Qe2 Kg8 35. Qh5 Ra1 36. Rbb1 Rxb1 37. Rxb1 Bf6 38. Rd1 Rd8 39. Ra1 Rc8 40. Ra7 Qd8 41. Qc5 Bg4 42. Qd6 Kg7 43. Qxd8 Rxd8 44. Kf1 Bxd4 45. cxd4 h3 46. gxh3 Bxh3+ 47. Ke2 Be6 48. f3 Bd5 49. fxe4 Bxe4 50. Kf2 Kg6 51. Kg3 Rh8 52. Be5 Rh1 53. Rd7 Rb1 54. Kf4 Bd5 55. Bd6 Rf1+ 56. Kg3 Rf3+ 57. Kh2 Rxe3 58. Re7 Rd3 59. Bc5 f5 60. Kg1 f4 61. Kf2 Kf5 62. Ke2 Rh3 63. Bd6 Rh2+ 64. Ke1 Rh1+ 65. Kf2 Rd1 66. Bc5 Kg4 67. Rg7+ Kf5 68. Re7 Rd2+ 69. Ke1 Rh2 70. Bd6 Rh1+ 71. Kf2 Rd1 72. Bc5 Rh1 73. Bd6 Rb1 74. Re8 Rb2+ 75. Ke1 f3 76. Rf8+ Ke4 77. Re8+ Kd3 78. Be7 f2+ 79. Kf1 Bc4 0-1

[Event "Rotterdam k.o."]
[Site "Rotterdam"]
[Date "1990.??.??"]
[Round "1"]
[White "Bohm, Hans"]
[Black "Bronstein, David Ionovich"]
[Result "0-1"]
[WhiteElo "2390"]
[BlackElo "2445"]
[PlyCount "110"]
[EventDate "1990.??.??"]
[EventType "k.o."]
[EventRounds "5"]
[EventCountry "NED"]
[SourceTitle "EXT 1997"]
[Source "ChessBase"]
[SourceDate "1996.11.15"]
[SourceVersion "1"]
[SourceVersionDate "1996.11.15"]
[SourceQuality "1"]

1. d4 Nf6 2. c4 e6 3. Nc3 Bb4 4. Qc2 c5 5. dxc5 Bxc5 6. Nf3 Qb6 7. e3 Be7 8. Be2 a6 9. 0-0 0-0 10. h3 d6 11. b3 Qc7 12. e4 b6 13. Bf4 Bb7 14. Rac1 Nbd7 15. Rfd1 Rfc8 16. Nd2 Ne5 17. Qb1 Qb8 18. Be3 Bc6 19. Nf3 Ng6 20. Nd4 Be8 21. Nf3 Rd8 22. Nd4 h6 23. Rd2 Bf8 24. Rcd1 Qc7 25. g3 b5 26. Rc1 b4 27. Nd1 Ne5 28. f4 Ned7 29. Nf2 g6 30. Bf3 Rac8 31. Ne2 Nc5 32. g4 Bc6 33. Ng3 a5 34. Rcd1 Nfd7 35. Bh1 Be7 36. Kh2 Ra8 37. Nd3 Nxd3 38. Rxd3 a4 39. R1d2 Ra5 40. Rb2 Nc5 41. Rd1 Rda8 42. Rbd2 axb3 43. axb3 Bf6 44. Bd4 e5 45. fxe5 Bxe5 46. Bxe5 dxe5 47. Rf1 Ra3 48. Rdf2 Rxb3 49. Qc1 Nd3 50. Qd1 Raa3 51. Rxf7 Qxf7 52. Rxf7 Kxf7 53. Ne2 Rb2 54. Kg1 Rab3 55. Bf3 Rb1 0-1

[Event "Rotterdam k.o."]
[Site "Rotterdam"]
[Date "1990.??.??"]
[Round "1"]
[White "Bohm, Hans"]
[Black "Bronstein, David Ionovich"]
[Result "1-0"]
[WhiteElo "2390"]
[BlackElo "2445"]
[PlyCount "80"]
[EventDate "1990.??.??"]
[EventType "k.o."]
[EventRounds "5"]
[EventCountry "NED"]
[SourceTitle "EXT 1997"]
[Source "ChessBase"]
[SourceDate "1996.11.15"]
[SourceVersion "1"]
[SourceVersionDate "1996.11.15"]
[SourceQuality "1"]

1. d4 Nf6 2. c4 d6 3. Nc3 e5 4. dxe5 dxe5 5. Qxd8+ Kxd8 6. Bg5 Be6 7. 0-0-0+ Nbd7 8. Nf3 Kc8 9. e3 Ng4 10. Bh4 f6 11. h3 Nh6 12. g4 Nf7 13. Nd2 Bb4 14. Kc2 c6 15. f4 Nc5 16. Nce4 Nxe4 17. Nxe4 Rd8 18. Rxd8+ Kxd8 19. a3 Be7 20. f5 Bd7 21. c5 a5 22. Bc4 Be8 23. Rd1+ Kc7 24. b3 h6 25. Be6 b6 26. cxb6+ Kxb6 27. a4 Rd8 28. Rd3 Rxd3 29. Kxd3 Nd8 30. Bc4 Nb7 31. Be1 Bd7 32. Bd2 Bc8 33. Ke2 Bd7 34. Kf3 Be8 35. Ke2 Nd8 36. Bc3 Nf7 37. Kd3 Nd8 38. Bd2 Bd7 39. Bc3 c5 40. Bd5 Nc6 1-0

[Event "Zuerich op 12th"]
[Site "Zuerich"]
[Date "1988.??.??"]
[Round "1"]
[White "Bohm, Hans"]
[Black "Kraus, Hans Peter"]
[Result "1-0"]
[WhiteElo "2390"]
[BlackElo "2175"]
[PlyCount "79"]
[EventDate "1988.12.26"]
[EventType "swiss"]
[EventRounds "7"]
[EventCountry "SUI"]
[SourceTitle "EXT 1997"]
[Source "ChessBase"]
[SourceDate "1996.11.15"]
[SourceVersion "1"]
[SourceVersionDate "1996.11.15"]
[SourceQuality "1"]

1. d4 Nf6 2. c3 g6 3. Bg5 Bg7 4. Nd2 d6 5. e3 0-0 6. Bd3 Nc6 7. Ne2 Qe8 8. b4 e5 9. b5 Ne7 10. a4 h6 11. Bh4 Nf5 12. Bg3 Nxg3 13. hxg3 Qe7 14. Qb3 exd4 15. cxd4 c5 16. bxc6 bxc6 17. Rc1 c5 18. 0-0 Bb7 19. dxc5 dxc5 20. Nf4 Kh7 21. Rfd1 Rfd8 22. Qc2 Rac8 23. Nc4 Be4 24. f3 Bxd3 25. Rxd3 Rxd3 26. Qxd3 Rd8 27. Qc2 Kg8 28. g4 Nd5 29. Nxd5 Rxd5 30. Rd1 Rxd1+ 31. Qxd1 Bc3 32. Qd3 Bb4 33. g3 a5 34. Kf2 Qf6 35. f4 Qa1 36. Ne5 Kg7 37. Qc4 Kh8 38. Nxf7+ Kh7 39. Ne5 Qe1+ 40. Kg2 1-0

[Event "Zuerich op 12th"]
[Site "Zuerich"]
[Date "1988.??.??"]
[Round "5"]
[White "Bohm, Hans"]
[Black "Simon, Ralf Axel"]
[Result "0-1"]
[WhiteElo "2390"]
[BlackElo "2285"]
[PlyCount "120"]
[EventDate "1988.12.26"]
[EventType "swiss"]
[EventRounds "7"]
[EventCountry "SUI"]
[SourceTitle "EXT 1997"]
[Source "ChessBase"]
[SourceDate "1996.11.15"]
[SourceVersion "1"]
[SourceVersionDate "1996.11.15"]
[SourceQuality "1"]

1. d4 d5 2. c4 e6 3. Nf3 Nf6 4. Bg5 h6 5. Bxf6 Qxf6 6. e3 Nd7 7. Nc3 c6 8. Qc2 Qd8 9. cxd5 exd5 10. Bd3 Bd6 11. h3 Nb6 12. 0-0-0 Be6 13. Kb1 Qc7 14. g4 0-0-0 15. Nh4 Rhe8 16. f4 Kb8 17. Ng2 Bc8 18. Rhf1 h5 19. Qe2 hxg4 20. hxg4 Rh8 21. Rh1 Bb4 22. Rxh8 Rxh8 23. Rc1 Rh3 24. a3 Be7 25. Ne1 Qd8 26. Nc2 Qh8 27. Rg1 Qh4 28. b3 Nd7 29. g5 Nf8 30. Qe1 Ng6 31. Qxh4 Nxh4 32. Kc1 Bd6 33. Nd1 Bxf4 34. Rf1 Bxg5 35. Rxf7 Bh6 36. Rf8 Rf3 37. Rh8 Kc7 38. Kd2 Rf7 39. Nc3 Bf5 40. Ne2 Nf3+ 41. Kc3 Bxd3 42. Kxd3 Ng5 43. Nc3 Rf2 44. Re8 Kd7 45. Rh8 Kc7 46. Re8 b5 47. Re7+ Kb6 48. b4 Nf3 49. Ne2 g5 50. Na1 Bf8 51. Rd7 a5 52. Nc2 axb4 53. axb4 g4 54. Rh7 Ng5 55. Rh4 Rg2 56. Ne1 Rf2 57. Nc2 g3 58. Nxg3 Nf3 59. Rf4 Rd2+ 60. Kc3 Rf2 0-1